[Event "First Saturday Tournament Budapest"]
[Site "Budapest"]
[Date "2012.06.02"]
[Round "1.1"]
[White "Gruz, Janos"]
[Black "Karaiskakis, Petros"]
[Result "1-0"]
[WhiteElo "1858"]
[BlackElo "1751"]
[PlyCount "37"]
[EventDate "2012.06.02"]

1. e4 e5 2. Nf3 Nc6 3. Be2 Nf6 4. d3 Be7 5. O-O O-O 6. c3 d5 7. Qc2 h6 8. b4 a6
9. Bb2 Bg4 10. Nbd2 d4 11. a3 dxc3 12. Bxc3 Nd4 13. Bxd4 exd4 14. Nb3 Bxf3 15.
Bxf3 Rc8 16. Rac1 Bd6 17. g3 Be5 18. Bg2 c6 19. f4 1-0

[Event "First Saturday Tournament Budapest"]
[Site "Budapest"]
[Date "2012.06.02"]
[Round "1.2"]
[White "Nemeth, Otto"]
[Black "Somogyi, Akos"]
[Result "1-0"]
[WhiteElo "1858"]
[BlackElo "1286"]
[PlyCount "75"]
[EventDate "2012.06.02"]

1. e4 e5 2. Nc3 Bb4 3. Nd5 Ba5 4. b4 Bb6 5. Nxb6 axb6 6. Bb2 d6 7. Bc4 Nf6 8.
Qe2 O-O 9. b5 Nbd7 10. f3 c6 11. g4 g5 12. Qf2 d5 13. exd5 cxd5 14. Be2 Nc5 15.
Bxe5 Bd7 16. h4 Ne8 17. hxg5 Qxg5 18. Qh2 Qg6 19. d4 f6 20. Bf4 Ne6 21. Bd3 Qg7
22. Bh6 Qf7 23. Bxf8 Nxf8 24. Ne2 Ra5 25. a4 f5 26. gxf5 Bxf5 27. Rg1+ Kh8 28.
Qe5+ Ng7 29. Bxf5 Ng6 30. Bxg6 hxg6 31. Nf4 Ra8 32. Rxg6 Re8 33. Re6 Rxe6 34.
Nxe6 Qxe6 35. Qxe6 Nxe6 36. c3 Kg7 37. a5 bxa5 38. Rxa5 1-0

[Event "First Saturday Tournament Budapest"]
[Site "Budapest"]
[Date "2012.06.02"]
[Round "1.3"]
[White "Bella, Zsolt"]
[Black "Lukacs, Albert"]
[Result "0-1"]
[WhiteElo "1416"]
[BlackElo "1776"]
[PlyCount "68"]
[EventDate "2012.06.02"]

1. d4 d5 2. c4 e6 3. Nf3 Nf6 4. Nc3 a6 5. g3 dxc4 6. Bg2 Nc6 7. Bf4 Nd5 8. a3
Bd6 9. Nxd5 exd5 10. Bxd6 Qxd6 11. Qc2 Qf6 12. Qc3 Bf5 13. O-O Be4 14. Rad1 Rd8
15. Rfe1 O-O 16. Ne5 Bxg2 17. Nxc6 Qxc6 18. Kxg2 Rfe8 19. Rc1 h5 20. Qf3 Qg6
21. h4 Re4 22. Rh1 Rxd4 23. Rcd1 c5 24. e3 Rd3 25. Qe2 Re8 26. Rhe1 Qe4+ 27.
Qf3 Qe5 28. Rxd3 cxd3 29. b3 Qc3 30. Rb1 d4 31. b4 Qc2 32. Qd1 dxe3 33. Qxc2
dxc2 34. Rc1 e2 0-1

[Event "First Saturday Tournament Budapest"]
[Site "Budapest"]
[Date "2012.06.03"]
[Round "2.1"]
[White "Karaiskakis, Petros"]
[Black "Lukacs, Albert"]
[Result "0-1"]
[WhiteElo "1751"]
[BlackElo "1776"]
[PlyCount "48"]
[EventDate "2012.06.02"]

1. d4 d5 2. Nf3 Nf6 3. g3 e6 4. Bg2 Be7 5. O-O O-O 6. c4 Nc6 7. Nc3 Ne4 8. cxd5
Nxc3 9. bxc3 exd5 10. Qc2 Bf6 11. Nd2 g6 12. e4 dxe4 13. Bxe4 Be6 14. Ba3 Re8
15. Bg2 Bd5 16. f3 Bg7 17. Rfe1 f5 18. Kh1 Qd7 19. Nb3 Qf7 20. Nc5 Na5 21. Nd3
Nc4 22. Bc1 Rxe1+ 23. Nxe1 Re8 24. Nd3 Qe7 0-1

[Event "First Saturday Tournament Budapest"]
[Site "Budapest"]
[Date "2012.06.03"]
[Round "2.2"]
[White "Somogyi, Akos"]
[Black "Bella, Zsolt"]
[Result "0-1"]
[WhiteElo "1286"]
[BlackElo "1416"]
[PlyCount "78"]
[EventDate "2012.06.02"]

1. e4 g6 2. d4 Bg7 3. Nf3 d6 4. Nc3 Nf6 5. Be2 Nc6 6. O-O e5 7. d5 Ne7 8. Bg5
O-O 9. h3 Kh8 10. Nd2 Nfg8 11. Bxe7 Nxe7 12. f4 f5 13. Qe1 fxe4 14. fxe5 dxe5
15. Rxf8+ Qxf8 16. Ndxe4 Nf5 17. Qd2 Bh6 18. Qd3 Ne3 19. Nb5 Bxh3 20. Bf3 Bf5
21. d6 cxd6 22. Nbxd6 Rd8 23. Nf7+ Qxf7 24. Qxd8+ Bf8 25. Qf6+ Qxf6 26. Nxf6
Bc5 27. Rc1 Ng4+ 28. Kh1 Nxf6 29. Bxb7 e4 30. Re1 e3 31. Re2 Nh5 32. Kh2 Nf4
33. Re1 Bxc2 34. Rc1 e2 35. Ba6 Bd1 36. Bxe2 Bd6 37. Rxd1 Nxe2+ 38. Kh1 Bc5 39.
Rd2 Ng3+ 0-1

[Event "First Saturday Tournament Budapest"]
[Site "Budapest"]
[Date "2012.06.03"]
[Round "2.3"]
[White "Gruz, Janos"]
[Black "Nemeth, Otto"]
[Result "1-0"]
[WhiteElo "1858"]
[BlackElo "1858"]
[PlyCount "81"]
[EventDate "2012.06.02"]

1. e4 c5 2. Nf3 Nc6 3. Nc3 d6 4. Bc4 Nf6 5. O-O a6 6. a4 e6 7. d4 cxd4 8. Nxd4
Be7 9. Be3 O-O 10. Nb3 b6 11. Be2 Bb7 12. f3 Qc7 13. Qe1 Rfd8 14. Qf2 Rd7 15.
Bxb6 Qc8 16. Rfd1 Nb4 17. Rac1 d5 18. e5 Ne8 19. a5 g6 20. Nc5 Bxc5 21. Bxc5
Nc6 22. b4 Nxe5 23. Na4 Qc6 24. Nb6 Rb8 25. f4 Nc4 26. Bxc4 Rbd8 27. Nxd7 Rxd7
28. Bf1 Nf6 29. Qd4 Ne4 30. c4 Nxc5 31. Qxc5 Qxc5+ 32. bxc5 d4 33. Rb1 f6 34.
Rb6 Kf7 35. c6 Bxc6 36. Rxc6 e5 37. Bd3 Re7 38. c5 e4 39. Bc4+ Kg7 40. Rxd4 e3
41. Be2 1-0

[Event "First Saturday Tournament Budapest"]
[Site "Budapest"]
[Date "2012.06.04"]
[Round "3.1"]
[White "Nemeth, Otto"]
[Black "Karaiskakis, Petros"]
[Result "1-0"]
[WhiteElo "1858"]
[BlackElo "1751"]
[PlyCount "114"]
[EventDate "2012.06.02"]

1. e4 e5 2. Bc4 Nc6 3. a3 Nf6 4. Nc3 Be7 5. Nf3 d6 6. h3 O-O 7. d3 Be6 8. Nd5
Na5 9. Ba2 b5 10. b4 Nb7 11. c4 bxc4 12. Bxc4 Nxd5 13. exd5 Bd7 14. Be3 Bf6 15.
Rb1 Re8 16. O-O a5 17. b5 Bf5 18. Nh2 Bg5 19. Qh5 Bxe3 20. fxe3 Bg6 21. Qe2 Nc5
22. e4 Na4 23. Qc2 Nc5 24. g4 Qh4 25. Kg2 Qg5 26. Nf3 Qd8 27. Kg3 f6 28. Rf2 h6
29. Nh4 Kh7 30. Rbf1 Qe7 31. Qe2 Bf7 32. Qf3 Rf8 33. Qf5+ Kg8 34. Qf3 Qd7 35.
Nf5 Bg6 36. Nh4 Bh7 37. Qe3 Qe7 38. Kh2 a4 39. Nf5 Bxf5 40. gxf5 Kh7 41. Rg2
Qf7 42. Rg6 Nd7 43. Rfg1 Rg8 44. Qg3 Nf8 45. h4 Kh8 46. Rg4 h5 47. Rg6 Nxg6 48.
fxg6 Qd7 49. Qf3 Rge8 50. Qxh5+ Kg8 51. b6 Ra5 52. Qh7+ Kf8 53. Qh8+ Ke7 54.
Qxg7+ Kd8 55. Qxf6+ Qe7 56. bxc7+ Kd7 57. Qxe7+ Rxe7 1-0

[Event "First Saturday Tournament Budapest"]
[Site "Budapest"]
[Date "2012.06.04"]
[Round "3.2"]
[White "Bella, Zsolt"]
[Black "Gruz, Janos"]
[Result "0-1"]
[WhiteElo "1416"]
[BlackElo "1858"]
[PlyCount "58"]
[EventDate "2012.06.02"]

1. d4 d5 2. c4 e6 3. Nc3 f5 4. g3 Nf6 5. Bg2 c6 6. c5 b6 7. Be3 bxc5 8. dxc5
Na6 9. Qd4 Bxc5 10. Qa4 Qb6 11. Bxc5 Nxc5 12. Qc2 Ba6 13. b3 Nce4 14. Nh3 O-O
15. O-O Nxc3 16. Qxc3 Ne4 17. Qc2 Rf6 18. Rfe1 Raf8 19. e3 Bb7 20. Nf4 e5 21.
Nd3 Re8 22. Bxe4 fxe4 23. Nc5 Rh6 24. Rac1 Bc8 25. h4 Bg4 26. Qc3 Qd8 27. Nb7
Qf6 28. Rc2 Bf3 29. Nc5 Rxh4 0-1

[Event "First Saturday Tournament Budapest"]
[Site "Budapest"]
[Date "2012.06.04"]
[Round "3.3"]
[White "Lukacs, Albert"]
[Black "Somogyi, Akos"]
[Result "1-0"]
[WhiteElo "1776"]
[BlackElo "1286"]
[PlyCount "53"]
[EventDate "2012.06.02"]

1. e4 c5 2. Nf3 Nc6 3. d4 cxd4 4. Nxd4 d6 5. c4 Nf6 6. Nc3 e5 7. Nc2 Be6 8. Be2
Be7 9. O-O O-O 10. Be3 Nd7 11. Nd5 Bxd5 12. cxd5 Ncb8 13. f4 f5 14. exf5 Rxf5
15. Bg4 Rf8 16. Be6+ Kh8 17. Qh5 exf4 18. Rxf4 Rxf4 19. Bxf4 Nf6 20. Qe2 Qc7
21. Re1 Qb6+ 22. Be3 Qxb2 23. Bd4 Qxa2 24. Bf5 Nxd5 25. Qh5 h6 26. Qxh6+ Kg8
27. Qxg7# 1-0

[Event "First Saturday Tournament Budapest"]
[Site "Budapest"]
[Date "2012.06.05"]
[Round "4.1"]
[White "Karaiskakis, Petros"]
[Black "Somogyi, Akos"]
[Result "1-0"]
[WhiteElo "1751"]
[BlackElo "1286"]
[PlyCount "53"]
[EventDate "2012.06.02"]

1. d4 d5 2. Nf3 Nf6 3. g3 Bg4 4. Ne5 Bd7 5. Bg2 e6 6. O-O Bd6 7. c4 Nc6 8. cxd5
Nxe5 9. dxe5 Bxe5 10. dxe6 Bxe6 11. Bxb7 Qxd1 12. Rxd1 Rb8 13. Bc6+ Nd7 14. Nc3
Bxc3 15. bxc3 Rd8 16. Be3 a6 17. Rd2 O-O 18. Rad1 g6 19. Bxd7 Rxd7 20. Rxd7
Bxd7 21. Rxd7 f6 22. Rxc7 Rf7 23. Rc6 a5 24. Bh6 Re7 25. Kf1 Kf7 26. Ra6 Re5
27. Ra7+ 1-0

[Event "First Saturday Tournament Budapest"]
[Site "Budapest"]
[Date "2012.06.05"]
[Round "4.2"]
[White "Gruz, Janos"]
[Black "Lukacs, Albert"]
[Result "1/2-1/2"]
[WhiteElo "1858"]
[BlackElo "1776"]
[PlyCount "25"]
[EventDate "2012.06.02"]

1. e4 c5 2. Nf3 e6 3. d4 cxd4 4. Nxd4 a6 5. a4 Qc7 6. c3 Nf6 7. Bd3 Be7 8. O-O
O-O 9. f4 d6 10. Be3 Nbd7 11. Nd2 b6 12. Rc1 Bb7 13. Qc2 1/2-1/2

[Event "First Saturday Tournament Budapest"]
[Site "Budapest"]
[Date "2012.06.05"]
[Round "4.3"]
[White "Nemeth, Otto"]
[Black "Bella, Zsolt"]
[Result "1-0"]
[WhiteElo "1858"]
[BlackElo "1416"]
[PlyCount "107"]
[EventDate "2012.06.02"]

1. e4 g6 2. d4 d6 3. f3 Bg7 4. c3 Nc6 5. Be3 e5 6. d5 Nce7 7. Nd2 Nf6 8. Qa4+
Bd7 9. Bb5 c6 10. dxc6 Bxc6 11. O-O-O O-O 12. Nc4 Ne8 13. Bg5 f6 14. Be3 a6 15.
Bxc6 Nxc6 16. Qa3 Rf7 17. Ne2 Bf8 18. Qb3 Kg7 19. h4 h5 20. g4 b5 21. Nb6 Rb8
22. Nd5 Na5 23. Qc2 Nc4 24. Bf2 Kh7 25. b3 Nb6 26. Bxb6 Rxb6 27. Nxb6 Qxb6 28.
Kb2 Rc7 29. gxh5 gxh5 30. Qd3 Qa5 31. b4 Qb6 32. Kb3 a5 33. a3 a4+ 34. Kb2 Qf2
35. Kb1 Kh8 36. Rdf1 Qb6 37. Ng3 Ng7 38. Kb2 Qb8 39. f4 Qe8 40. f5 Qf7 41. Qd5
Qd7 42. Rfg1 Qe8 43. Nf1 Qc8 44. Qd3 Rc4 45. Ne3 Rc6 46. Nd5 Ne8 47. Rg6 Qb7
48. Rhg1 Bg7 49. Qe2 Qf7 50. Qxh5+ Kg8 51. Qe2 Rc4 52. h5 Kh7 53. Qe3 Nc7 54.
Rxg7+ 1-0

[Event "First Saturday Tournament Budapest"]
[Site "Budapest"]
[Date "2012.06.06"]
[Round "5.1"]
[White "Bella, Zsolt"]
[Black "Karaiskakis, Petros"]
[Result "0-1"]
[WhiteElo "1416"]
[BlackElo "1751"]
[PlyCount "84"]
[EventDate "2012.06.02"]

1. c4 e5 2. d4 exd4 3. Qxd4 Nf6 4. Nc3 Nc6 5. Qe3+ Be7 6. a3 O-O 7. g3 d5 8.
cxd5 Nxd5 9. Qd2 Nb6 10. Qxd8 Rxd8 11. e3 Ne5 12. b3 Bg4 13. Be2 Nd3+ 14. Bxd3
Rxd3 15. Bb2 Bf6 16. Nge2 Rad8 17. O-O Bxe2 18. Rfc1 Bf3 19. Kf1 Nd5 20. Nd1
Bxb2 21. Nxb2 Rxb3 22. Nd1 c6 23. Rab1 Rxb1 24. Rxb1 Nb6 25. Ke1 Rxd1+ 26. Rxd1
Bxd1 27. Kxd1 Kf8 28. Kc2 Ke7 29. Kd3 Ke6 30. e4 c5 31. f4 g6 32. g4 f5 33. h3
a6 34. g5 fxe4+ 35. Kxe4 Nc4 36. a4 b5 37. axb5 axb5 38. h4 Nd6+ 39. Kf3 Kf5
40. Kg3 b4 41. h5 b3 42. h6 b2 0-1

[Event "First Saturday Tournament Budapest"]
[Site "Budapest"]
[Date "2012.06.06"]
[Round "5.2"]
[White "Lukacs, Albert"]
[Black "Nemeth, Otto"]
[Result "0-1"]
[WhiteElo "1776"]
[BlackElo "1858"]
[PlyCount "78"]
[EventDate "2012.06.02"]

1. e4 c5 2. Nf3 d6 3. d4 cxd4 4. Nxd4 Nf6 5. Nc3 a6 6. Be3 Bd7 7. Bc4 Nc6 8.
Nxc6 Bxc6 9. f3 Rc8 10. Bb3 e6 11. Qe2 Be7 12. O-O O-O 13. Rad1 Qc7 14. Qf2 b5
15. a3 Nd7 16. Qg3 Rfd8 17. f4 Bf6 18. f5 Be5 19. Qh3 exf5 20. Rxf5 Nf6 21.
Rdf1 Rf8 22. Qh4 Qe7 23. Bg5 Bxc3 24. bxc3 Qxe4 25. Qh3 Bd7 26. Bxf6 Bxf5 27.
Rxf5 gxf6 28. Bd5 Qe1+ 29. Rf1 Qxc3 30. Qg4+ Kh8 31. h4 Rg8 32. Qh5 Rc5 33. Rd1
Rg7 34. Qe2 Qe5 35. Qf3 Rg3 36. Qf2 Rg6 37. h5 Rxd5 38. Rxd5 Qxd5 39. hxg6 Qc5
0-1

[Event "First Saturday Tournament Budapest"]
[Site "Budapest"]
[Date "2012.06.06"]
[Round "5.3"]
[White "Somogyi, Akos"]
[Black "Gruz, Janos"]
[Result "0-1"]
[WhiteElo "1286"]
[BlackElo "1858"]
[PlyCount "44"]
[EventDate "2012.06.02"]

1. e4 d6 2. d4 g6 3. Nf3 Bg7 4. Nc3 Nf6 5. Bg5 h6 6. Bxf6 Bxf6 7. e5 Bg7 8. Bc4
e6 9. O-O Nd7 10. exd6 cxd6 11. Bb5 a6 12. Bxd7+ Bxd7 13. d5 e5 14. Nd2 f5 15.
Kh1 O-O 16. f4 e4 17. g3 Rc8 18. Ndb1 b5 19. b4 Bxc3 20. Nxc3 Rxc3 21. Qd2 Qc7
22. Rf2 e3 0-1

[Event "First Saturday Tournament Budapest"]
[Site "Budapest"]
[Date "2012.06.08"]
[Round "6.1"]
[White "Karaiskakis, Petros"]
[Black "Gruz, Janos"]
[Result "1/2-1/2"]
[WhiteElo "1751"]
[BlackElo "1858"]
[PlyCount "28"]
[EventDate "2012.06.02"]

1. d4 d5 2. Nf3 g6 3. g3 Nh6 4. Bg2 Bg7 5. O-O O-O 6. b3 Nf5 7. Bb2 c5 8. c3
Nc6 9. Na3 cxd4 10. cxd4 Nd6 11. Nc2 Bd7 12. Ne5 Ne4 13. f3 Nf6 14. e4 dxe4
1/2-1/2

[Event "First Saturday Tournament Budapest"]
[Site "Budapest"]
[Date "2012.06.08"]
[Round "6.2"]
[White "Somogyi, Akos"]
[Black "Nemeth, Otto"]
[Result "0-1"]
[WhiteElo "1286"]
[BlackElo "1858"]
[PlyCount "64"]
[EventDate "2012.06.02"]

1. e4 c5 2. Nf3 Nc6 3. d4 cxd4 4. Nxd4 d6 5. Nc3 Nf6 6. Be2 g6 7. O-O Bg7 8.
Be3 O-O 9. f4 e5 10. Nb3 a6 11. Qe1 Qc7 12. Qg3 b5 13. f5 Nb4 14. Rac1 Bb7 15.
a3 Nc6 16. Rcd1 b4 17. Nd5 Nxd5 18. exd5 Ne7 19. Bf3 Nxf5 20. Qe1 Nxe3 21. Qxe3
bxa3 22. bxa3 f5 23. Rc1 a5 24. c4 Ba6 25. Be2 Rab8 26. Qc3 a4 27. Na5 e4 28.
Qe1 Qc5+ 29. Kh1 Qxa3 30. Nc6 Rb7 31. Na5 Rc7 32. Ra1 Bxa1 0-1

[Event "First Saturday Tournament Budapest"]
[Site "Budapest"]
[Date "2012.06.08"]
[Round "6.3"]
[White "Lukacs, Albert"]
[Black "Bella, Zsolt"]
[Result "1-0"]
[WhiteElo "1776"]
[BlackElo "1416"]
[PlyCount "51"]
[EventDate "2012.06.02"]

1. e4 g6 2. d4 Bg7 3. Nf3 d6 4. Bc4 Nf6 5. e5 dxe5 6. Nxe5 O-O 7. O-O c6 8. Bb3
Nbd7 9. f4 Nxe5 10. fxe5 Ng4 11. c3 Bf5 12. h3 Nh6 13. Bg5 Qc7 14. Nd2 c5 15.
Qe2 b5 16. Qe3 c4 17. Bd1 Bd3 18. Bxh6 Bxf1 19. Bxg7 Kxg7 20. Nxf1 f5 21. Qf4
h6 22. h4 h5 23. Nd2 e6 24. Be2 Rac8 25. Rc1 Qa5 26. a3 1-0

[Event "First Saturday Tournament Budapest"]
[Site "Budapest"]
[Date "2012.06.09"]
[Round "7.1"]
[White "Lukacs, Albert"]
[Black "Karaiskakis, Petros"]
[Result "1-0"]
[WhiteElo "1776"]
[BlackElo "1751"]
[PlyCount "57"]
[EventDate "2012.06.02"]

1. e4 e5 2. Bc4 Nc6 3. Nc3 Nf6 4. d3 Be7 5. f4 exf4 6. Bxf4 d5 7. Bxd5 Bg4 8.
Qd2 Nxd5 9. Nxd5 Bd6 10. Bxd6 Qxd6 11. Qg5 Be6 12. O-O-O h6 13. Qxg7 O-O-O 14.
Qg3 Qxg3 15. hxg3 Bxd5 16. exd5 Rxd5 17. Rf1 Ne5 18. Ne2 Rd7 19. Rh4 Re7 20.
Nc3 Ng6 21. Rh5 Ne5 22. Nd5 Re6 23. d4 Nc6 24. Rxf7 Re2 25. Nf4 Rf2 26. Rc5 Re8
27. b3 Rf1+ 28. Kb2 Rfe1 29. d5 1-0

[Event "First Saturday Tournament Budapest"]
[Site "Budapest"]
[Date "2012.06.09"]
[Round "7.2"]
[White "Bella, Zsolt"]
[Black "Somogyi, Akos"]
[Result "0-1"]
[WhiteElo "1416"]
[BlackElo "1286"]
[PlyCount "60"]
[EventDate "2012.06.02"]

1. d4 d5 2. c4 e6 3. Nc3 Nf6 4. g3 c5 5. Bg2 Nc6 6. dxc5 Bxc5 7. cxd5 Nxd5 8.
Nxd5 exd5 9. a3 Be6 10. b4 Bb6 11. Bb2 O-O 12. e3 Rc8 13. Ne2 Qc7 14. O-O Ne5
15. Rc1 Qd6 16. Nf4 Rxc1 17. Bxc1 Rd8 18. Nxe6 fxe6 19. Qc2 d4 20. Qb3 d3 21.
Bd2 Rd7 22. f4 Ng4 23. Re1 Bxe3+ 24. Bxe3 Nxe3 25. Rxe3 d2 26. Qd1 Qb6 27. Kf2
Rd3 28. Qe2 Qxe3+ 29. Qxe3 Rxe3 30. Kxe3 d1=Q 0-1

[Event "First Saturday Tournament Budapest"]
[Site "Budapest"]
[Date "2012.06.10"]
[Round "8.1"]
[White "Karaiskakis, Petros"]
[Black "Nemeth, Otto"]
[Result "1-0"]
[WhiteElo "1751"]
[BlackElo "1858"]
[PlyCount "53"]
[EventDate "2012.06.02"]

1. d4 Nf6 2. Nf3 d5 3. g3 c6 4. Bg2 h6 5. O-O Be6 6. a4 a5 7. Na3 Ne4 8. c4
dxc4 9. Ne5 Nd6 10. Qc2 Na6 11. Bd2 Nb4 12. Bxb4 axb4 13. Naxc4 Nxc4 14. Nxc4
Qxd4 15. Ne3 g6 16. Bxc6+ Bd7 17. Rfd1 Qxd1+ 18. Rxd1 Bxc6 19. b3 e6 20. Qb2
Rg8 21. Qd4 Be7 22. Qf4 h5 23. Nc4 Bd5 24. Nd6+ Bxd6 25. Qxd6 Bxb3 26. Rc1 Bxa4
27. Rc7 1-0

[Event "First Saturday Tournament Budapest"]
[Site "Budapest"]
[Date "2012.06.10"]
[Round "8.2"]
[White "Gruz, Janos"]
[Black "Bella, Zsolt"]
[Result "1-0"]
[WhiteElo "1858"]
[BlackElo "1416"]
[PlyCount "114"]
[EventDate "2012.06.02"]

1. d4 g6 2. Nf3 Bg7 3. Bf4 d6 4. e3 Nf6 5. Bc4 O-O 6. h3 a6 7. c3 Nc6 8. Nbd2
d5 9. Bd3 Nh5 10. Bh2 f5 11. Ne5 Nxe5 12. dxe5 f4 13. Nf3 Bf5 14. O-O Bxd3 15.
Qxd3 Bh6 16. e4 e6 17. c4 c6 18. Rfd1 Qa5 19. exd5 Rad8 20. d6 c5 21. a3 Rd7
22. Rab1 Qd8 23. b4 cxb4 24. Rxb4 a5 25. Rb5 b6 26. c5 bxc5 27. Qc4 Re8 28.
Rxc5 Qa8 29. Rc6 Ng7 30. Rc1 Rb8 31. Rc8+ Rxc8 32. Qxc8+ Qxc8 33. Rxc8+ Kf7 34.
Nd4 Ne8 35. Nb5 g5 36. g3 Rb7 37. a4 f3 38. g4 Bg7 39. Rc3 Kg6 40. Rxf3 h5 41.
Rd3 Rd7 42. gxh5+ Kf5 43. Re3 g4 44. Nd4+ Kg5 45. Nxe6+ Kxh5 46. hxg4+ Kxg4 47.
Nc5 Rd8 48. d7 Kf5 49. dxe8=Q Rxe8 50. e6 Bd4 51. Rf3+ Kg6 52. Nd3 Kg5 53. Nf4
Be5 54. Kg2 Bd6 55. Nh3+ Kh4 56. Bxd6 Rxe6 57. Bg3+ Kh5 1-0

[Event "First Saturday Tournament Budapest"]
[Site "Budapest"]
[Date "2012.06.10"]
[Round "8.3"]
[White "Somogyi, Akos"]
[Black "Lukacs, Albert"]
[Result "0-1"]
[WhiteElo "1286"]
[BlackElo "1776"]
[PlyCount "45"]
[EventDate "2012.06.02"]

1. e4 c5 2. Nf3 e6 3. d4 cxd4 4. Nxd4 a6 5. Nc3 Qc7 6. Be3 Nf6 7. a3 Be7 8. Be2
b5 9. O-O Bb7 10. f3 O-O 11. Qd2 Nc6 12. Na2 d5 13. exd5 Nxd5 14. c4 Nxe3 15.
Qxe3 Nxd4 16. Qxd4 Bc5 17. Rfd1 Bxd4+ 18. Rxd4 Qc5 19. Rad1 e5 20. Kh1 exd4 21.
b4 Qe5 22. Bd3 bxc4 23. Bxc4 0-1

[Event "First Saturday Tournament Budapest"]
[Site "Budapest"]
[Date "2012.06.11"]
[Round "9.1"]
[White "Somogyi, Akos"]
[Black "Karaiskakis, Petros"]
[Result "0-1"]
[WhiteElo "1286"]
[BlackElo "1751"]
[PlyCount "62"]
[EventDate "2012.06.02"]

1. e4 e5 2. Nf3 Nc6 3. Bb5 a6 4. Bxc6 dxc6 5. O-O f6 6. Nc3 Ne7 7. Ne2 b6 8. d4
exd4 9. Qxd4 Qxd4 10. Nfxd4 c5 11. Nf3 Ng6 12. Bf4 Nxf4 13. Nxf4 Bd6 14. e5
fxe5 15. Nxe5 O-O 16. Nfd3 Be6 17. Rfe1 c4 18. Nc6 cxd3 19. Rxe6 Bc5 20. cxd3
Bxf2+ 21. Kh1 Rae8 22. Re5 Rxe5 23. Nxe5 Re8 24. Nf3 Re2 25. Rb1 c5 26. a3 Rc2
27. Ne5 Bd4 28. Nd7 Rxb2 29. Rf1 Bf6 30. h3 Be7 31. Kh2 Bd6+ 0-1

[Event "First Saturday Tournament Budapest"]
[Site "Budapest"]
[Date "2012.06.11"]
[Round "9.3"]
[White "Bella, Zsolt"]
[Black "Nemeth, Otto"]
[Result "0-1"]
[WhiteElo "1416"]
[BlackElo "1858"]
[PlyCount "44"]
[EventDate "2012.06.02"]

1. d4 Nf6 2. c4 e5 3. dxe5 Ng4 4. Nf3 d6 5. Bf4 Nc6 6. Qa4 Bd7 7. exd6 cxd6 8.
Qb3 Be7 9. Qc2 Nb4 10. Qc3 Qb6 11. e3 Qa5 12. Na3 Bf6 13. Nd4 Ne5 14. Rd1 a6
15. Be2 O-O 16. O-O Rac8 17. Bxe5 Bxe5 18. Qb3 Ba4 19. Qc3 Bxd1 20. Rxd1 b5 21.
Bf3 Qa4 22. Be4 Qxd1+ 0-1

[Event "First Saturday Tournament Budapest"]
[Site "Budapest"]
[Date "2012.06.12"]
[Round "10.1"]
[White "Karaiskakis, Petros"]
[Black "Bella, Zsolt"]
[Result "1-0"]
[WhiteElo "1751"]
[BlackElo "1416"]
[PlyCount "107"]
[EventDate "2012.06.02"]

1. d4 g6 2. e4 Bg7 3. Nf3 d6 4. Be2 Nf6 5. Nc3 O-O 6. O-O Nc6 7. h3 e5 8. Be3
Nh5 9. d5 Ne7 10. Nd2 Nf4 11. Bf3 f5 12. Ne2 Nxe2+ 13. Qxe2 f4 14. c4 fxe3 15.
Qxe3 c5 16. g4 Rf4 17. Kg2 Bh6 18. Qe2 Kg7 19. h4 g5 20. Rh1 Ng6 21. hxg5 Bxg5
22. Rh5 Nh4+ 23. Kg3 Qf6 24. Rh1 h6 25. R1xh4 Bxh4+ 26. Rxh4 Qg5 27. Rh5 Qf6
28. Qd1 Bd7 29. Qh1 Rh8 30. g5 Rxf3+ 31. Qxf3 Qxf3+ 32. Nxf3 Kg6 33. Rxh6+ Rxh6
34. gxh6 Kxh6 35. Nh4 Kg5 36. Ng2 a6 37. f4+ exf4+ 38. Nxf4 b5 39. Ne6+ Kf6 40.
cxb5 Bxb5 41. Kf4 a5 42. Nd8 Ba6 43. a4 Bc4 44. Nc6 Bb3 45. Nxa5 Bxa4 46. Nb7
Ke7 47. e5 dxe5+ 48. Kxe5 c4 49. d6+ Ke8 50. Nc5 Bb5 51. Ke6 Bc6 52. d7+ Kd8
53. Kd6 Bxd7 54. Nxd7 1-0

[Event "First Saturday Tournament Budapest"]
[Site "Budapest"]
[Date "2012.06.12"]
[Round "10.2"]
[White "Nemeth, Otto"]
[Black "Lukacs, Albert"]
[Result "0-1"]
[WhiteElo "1858"]
[BlackElo "1776"]
[PlyCount "62"]
[EventDate "2012.06.02"]

1. e4 c5 2. Nc3 e6 3. Bc4 a6 4. a4 Qc7 5. Nf3 Nf6 6. e5 Ng4 7. Qe2 Nc6 8. d3
Ngxe5 9. Nxe5 Nxe5 10. Bf4 Nxd3+ 11. Bxd3 Qxf4 12. a5 Be7 13. O-O d5 14. Ra4 d4
15. Ne4 Bd7 16. Raa1 Bc6 17. Rfe1 h5 18. Nd2 h4 19. b3 Bd6 20. g3 hxg3 21. fxg3
Qh6 22. Ne4 Bc7 23. Qf2 Qh5 24. Be2 Qg6 25. Bd3 Qg4 26. Nxc5 Rxh2 27. Qxh2 Bxg3
28. Qh8+ Ke7 29. Qxa8 Bf2+ 30. Kf1 Qg1+ 31. Ke2 Bf3+ 0-1

[Event "First Saturday Tournament Budapest"]
[Site "Budapest"]
[Date "2012.06.12"]
[Round "10.3"]
[White "Gruz, Janos"]
[Black "Somogyi, Akos"]
[Result "1-0"]
[WhiteElo "1858"]
[BlackElo "1286"]
[PlyCount "83"]
[EventDate "2012.06.02"]

1. g4 d5 2. e3 e5 3. Bg2 Nc6 4. Nh3 f5 5. gxf5 Bxf5 6. d3 Nf6 7. Nc3 Bb4 8. Bd2
Qd7 9. Ng5 h6 10. Nf3 O-O-O 11. a3 Bxc3 12. Bxc3 d4 13. Bd2 Bg4 14. Qc1 Rhe8
15. e4 Rf8 16. Ng1 g5 17. f3 Bh5 18. h3 Ne7 19. b4 a6 20. Qb2 b5 21. Bf1 Kb8
22. O-O-O Rc8 23. c4 c6 24. Kb1 Bf7 25. Rc1 Ne8 26. h4 Rg8 27. hxg5 hxg5 28.
Rh6 g4 29. f4 Ng6 30. fxe5 Nxe5 31. Bf4 Qe7 32. Qxd4 c5 33. bxc5 Qxc5 34. Bxe5+
Kb7 35. Qxc5 Rxc5 36. d4 Rc6 37. Rxc6 Kxc6 38. cxb5+ Kb7 39. bxa6+ Ka8 40. Rc8+
Ka7 41. d5 Rg6 42. Bd4+ 1-0